| 000 | 00705nam a2200229Ia 4500 | ||
|---|---|---|---|
| 003 | OSt | ||
| 005 | 20220918105502.0 | ||
| 006 | a|||||r|||| 00| 0 | ||
| 007 | ta | ||
| 008 | 220915b |||||||| |||| 00| 0 hin d | ||
| 024 | _a160399 | ||
| 037 | _cReference Collections | ||
| 040 |
_aARTS _cARTS _bhin |
||
| 041 |
_2hin _ahin |
||
| 082 | _aO111k, 152L2 (RR) | ||
| 100 |
_aअग्रवाल, दामोदर _91617 |
||
| 245 | 0 | _aअंग्रेजी साहित्य कोष | |
| 246 | _aAangrejī sāhitya koṣha | ||
| 260 | _c1972 | ||
| 942 |
_hO111k, 152L2 (RR) _cREF |
||
| 999 |
_c107534 _d107534 |
||